| 000 | 00721nam a22001337a 4500 | ||
|---|---|---|---|
| 040 | _cRUA | ||
| 082 | _aATM SIE 2010B197 Or.1 | ||
| 100 | _aSIE, DARAVICHEA. | ||
| 245 | _ahydrogen production from rice stalk and rice straw by anaerobic fermentatio using microflora (ការផលិតឧស្ម័នអ៊ីដ្រូសែនចេញពីដើម និង ស្លិឹកស្រូវក្នុងលខណ្ឌគ្មានអុកស៊ីសែន ដោយប្រើមីក្រូផ្លូរ៉ា) | ||
| 260 |
_aPhnom Penh _bRUA _c2010 |
||
| 300 |
_axi, 55p. _bill. _c29cm. |
||
| 856 | _uhttps://drive.google.com/file/d/15nnKrcuqzLchykMRd_y6y7laSO-5k5ad/view?usp=sharing | ||
| 942 | _cATM | ||
| 999 |
_c4316 _d4316 |
||